[Event "31st Klatovy A 2025"]
[Site "Klatovy CZE"]
[Date "2025.06.28"]
[Round "1.1"]
[White "Straka, Vojtech"]
[Black "Strnad, Jakub"]
[Result "1-0"]
[WhiteElo "2425"]
[BlackElo "1993"]
[PlyCount "95"]
[EventDate "2025.06.28"]
[EventType "swiss"]
[EventRounds "9"]
[EventCountry "CZE"]

1. d4 {[%emt 0:00:14]} d5 {[%emt 0:00:08]} 2. c4 {[%emt 0:00:13]} e6 {[%emt 0:00:11]} 3. Nc3 {[%emt 0:00:09]} Nf6 {[%emt 0:00:15]} 4. cxd5 {[%emt 0:00:19]} exd5 {[%emt 0:00:15]} 5. Bg5 {[%emt 0:00:08]} Nbd7 {[%emt 0:02:01]} 6. e3 {[%emt 0:00:32]} c6 {[%emt 0:00:45]} 7. Bd3 {[%emt 0:00:51]} Be7 {[%emt 0:01:00]} 8. Qc2 {[%emt 0:00:18]} O-O {[%emt 0:00:30]} 9. Nf3 {[%emt 0:01:39]} Re8 {[%emt 0:00:29]} 10. h3 {[%emt 0:02:04]} Nf8 {[%emt 0:02:56]} 11. Bf4 {[%emt 0:04:40]} Ng6 {[%emt 0:08:35]} 12. Bh2 {[%emt 0:00:57]} Bd6 {[%emt 0:00:26]} 13. Bxd6 {[%emt 0:00:23]} Qxd6 {[%emt 0:00:05]} 14. O-O {[%emt 0:00:13]} Bd7 {[%emt 0:10:34]} 15. Rab1 {[%emt 0:01:00]} Rac8 {[%emt 0:04:34]} 16. b4 {[%emt 0:03:27]} Qe7 {[%emt 0:12:23]} 17. Bf5 {[%emt 0:27:13]} b5 {[%emt 0:18:02]} 18. Rfc1 {[%emt 0:08:28]} a6 {[%emt 0:09:49]} 19. a4 {[%emt 0:20:57]} Red8 {[%emt 0:12:45]} 20. Bxd7 {[%emt 0:06:34]} Nxd7 {[%emt 0:06:39]} 21. a5 {[%emt 0:00:53]} Nf6 {[%emt 0:01:51]} 22. Qf5 {[%emt 0:09:19]} Qe6 {[%emt 0:15:21]} 23. Qxe6 {[%emt 0:05:14]} fxe6 {[%emt 0:00:06]} 24. Nd1 {[%emt 0:00:47]} Ne4 {[%emt 0:01:47]} 25. Nb2 {[%emt 0:00:18]} Nf8 {[%emt 0:02:57]} 26. Nd3 {[%emt 0:01:17]} Nd7 {[%emt 0:00:37]} 27. Rc2 {[%emt 0:12:06]} Nd6 {[%emt 0:00:37]} 28. Nc5 {[%emt 0:03:52]} Nxc5 {[%emt 0:01:06]} 29. Rxc5 {[%emt 0:00:06]} Nb7 {[%emt 0:00:07]} 30. Rc3 {[%emt 0:01:24]} Nd6 {[%emt 0:00:15]} 31. Ne5 {[%emt 0:00:17]} Nc4 {[%emt 0:00:13]} 32. Nd3 {[%emt 0:00:38]} Kf7 {[%emt 0:00:20]} 33. Re1 {[%emt 0:00:31]} Re8 {[%emt 0:06:30]} 34. Nc5 {[%emt 0:02:52]} Ra8 {[%emt 0:00:27]} 35. e4 {[%emt 0:00:11]} e5 {[%emt 0:01:27]} 36. exd5 {[%emt 0:01:32]} cxd5 {[%emt 0:00:26]} 37. Rf3+ {[%emt 0:02:27]} Kg6 {[%emt 0:00:35]} 38. dxe5 {[%emt 0:00:43]} Rxe5 {[%emt 0:00:17]} 39. Rd1 {[%emt 0:00:34]} h5 {[%emt 0:04:16]} 40. Nd3 {[%emt 0:03:12]} Rf5 {[%emt 0:01:16]} 41. Nf4+ {[%emt 0:00:24]} Kg5 {[%emt 0:00:29]} 42. Ne6+ {[%emt 0:03:20]} Kf6 {[%emt 0:00:22]} 43. Rxf5+ {[%emt 0:01:08]} Kxf5 {[%emt 0:00:08]} 44. Nxg7+ {[%emt 0:01:13]} Ke5 {[%emt 0:02:17]} 45. Nxh5 {[%emt 0:00:20]} d4 {[%emt 0:00:05]} 46. f4+ {[%emt 0:00:19]} Ke4 {[%emt 0:00:07]} 47. Ng3+ {[%emt 0:00:09]} Kxf4 {[%emt 0:01:44]} 48. Rxd4+ {[%emt 0:00:09]} 1-0

[Event "31st Klatovy A 2025"]
[Site "Klatovy CZE"]
[Date "2025.06.28"]
[Round "1.2"]
[White "Rudlof, Adam"]
[Black "Slovak, Kilian"]
[Result "0-1"]
[WhiteElo "1992"]
[BlackElo "2349"]
[PlyCount "128"]
[EventDate "2025.06.28"]
[EventType "swiss"]
[EventRounds "9"]
[EventCountry "CZE"]

1. Nf3 {[%emt 0:00:02]} Nf6 {[%emt 0:01:13]} 2. g3 {[%emt 0:00:09]} g6 {[%emt 0:00:08]} 3. Bg2 {[%emt 0:00:06]} Bg7 {[%emt 0:00:30]} 4. O-O {[%emt 0:00:08]} O-O {[%emt 0:00:07]} 5. d3 {[%emt 0:00:16]} d6 {[%emt 0:00:12]} 6. e4 {[%emt 0:00:22]} c5 {[%emt 0:01:22]} 7. Nc3 {[%emt 0:05:25]} e5 {[%emt 0:01:12]} 8. Bd2 {[%emt 0:05:30]} Nc6 {[%emt 0:00:16]} 9. Qc1 {[%emt 0:00:22]} Re8 {[%emt 0:02:16]} 10. Bh6 {[%emt 0:05:18]} Bh8 {[%emt 0:00:43]} 11. Bg5 {[%emt 0:05:40]} Qa5 {[%emt 0:05:24]} 12. Bxf6 {[%emt 0:16:17]} Bxf6 {[%emt 0:00:45]} 13. Nd5 {[%emt 0:00:01]} Bg7 {[%emt 0:02:14]} 14. Qg5 {[%emt 0:04:24]} Qd8 {[%emt 0:01:38]} 15. Qxd8 {[%emt 0:00:56]} Rxd8 {[%emt 0:00:02]} 16. c3 {[%emt 0:08:48]} Kf8 {[%emt 0:03:14]} 17. h4 {[%emt 0:04:22]} Ne7 {[%emt 0:02:06]} 18. Nxe7 {[%emt 0:02:31]} Kxe7 {[%emt 0:00:04]} 19. Rfd1 {[%emt 0:01:10]} Bg4 {[%emt 0:00:32]} 20. Rd2 {[%emt 0:03:44]} Bh6 {[%emt 0:03:09]} 21. Rc2 {[%emt 0:00:10]} Rac8 {[%emt 0:01:20]} 22. Nh2 {[%emt 0:02:58]} Be6 {[%emt 0:00:09]} 23. c4 {[%emt 0:01:29]} Rc7 {[%emt 0:01:41]} 24. Kf1 {[%emt 0:03:38]} f5 {[%emt 0:00:25]} 25. Ke2 {[%emt 0:00:45]} Rb8 {[%emt 0:05:13]} 26. a4 {[%emt 0:03:18]} a6 {[%emt 0:04:16]} 27. a5 {[%emt 0:02:06]} Rf8 {[%emt 0:05:52]} 28. Ra3 {[%emt 0:08:51]} Bd7 {[%emt 0:03:02]} 29. Ra1 {[%emt 0:09:02]} Bc6 {[%emt 0:01:06]} 30. f3 {[%emt 0:01:04]} Rb8 {[%emt 0:01:21]} 31. Bh3 {[%emt 0:03:00]} Bd7 {[%emt 0:01:20]} 32. Bg2 {[%emt 0:03:10]} Bg7 {[%emt 0:02:49]} 33. Nf1 {[%emt 0:02:27]} f4 {[%emt 0:03:05]} 34. g4 {[%emt 0:00:31]} h6 {[%emt 0:06:12]} 35. Nd2 {[%emt 0:01:06]} Bf6 {[%emt 0:00:06]} 36. Nb1 {[%emt 0:03:07]} Bxh4 {[%emt 0:02:15]} 37. Nc3 {[%emt 0:00:06]} Bc6 {[%emt 0:00:55]} 38. Nb1 {[%emt 0:10:57]} Kf7 {[%emt 0:01:48]} 39. Nd2 {[%emt 0:00:26]} Bd7 {[%emt 0:01:16]} 40. Rh1 {[%emt 0:02:09]} Bg5 {[%emt 0:00:52]} 41. b3 {[%emt 0:00:06]} Rcc8 {[%emt 0:00:48]} 42. Rcc1 {[%emt 0:00:42]} Rh8 {[%emt 0:00:08]} 43. Bh3 {[%emt 0:00:58]} Rh7 {[%emt 0:00:45]} 44. Rb1 {[%emt 0:05:31]} Bd8 {[%emt 0:00:26]} 45. Ra1 {[%emt 0:00:30]} Bc7 {[%emt 0:00:14]} 46. Kf2 {[%emt 0:03:08]} Rbh8 {[%emt 0:00:29]} 47. Kg2 {[%emt 0:01:25]} h5 {[%emt 0:01:44]} 48. gxh5 {[%emt 0:01:25]} Bxh3+ {[%emt 0:00:17]} 49. Rxh3 {[%emt 0:00:26]} gxh5 {[%emt 0:05:14]} 50. Rg1 {[%emt 0:04:15]} Bxa5 {[%emt 0:00:24]} 51. Nf1 {[%emt 0:00:38]} Rg7+ {[%emt 0:01:47]} 52. Kh1 {[%emt 0:00:19]} Rxg1+ {[%emt 0:00:26]} 53. Kxg1 {[%emt 0:00:05]} Rg8+ {[%emt 0:00:04]} 54. Kf2 {[%emt 0:00:18]} Rg5 {[%emt 0:00:09]} 55. Rh2 {[%emt 0:00:50]} Bc3 {[%emt 0:00:20]} 56. Ke2 {[%emt 0:01:00]} Kg6 {[%emt 0:01:31]} 57. Nd2 {[%emt 0:00:06]} Bxd2 {[%emt 0:00:30]} 58. Kxd2 {[%emt 0:00:08]} Rg3 {[%emt 0:00:05]} 59. Ke2 {[%emt 0:00:18]} Kg5 {[%emt 0:00:05]} 60. Kf2 {[%emt 0:00:24]} h4 {[%emt 0:00:35]} 61. Rg2 {[%emt 0:00:36]} b5 {[%emt 0:01:29]} 62. Rh2 {[%emt 0:01:02]} h3 {[%emt 0:00:06]} 63. Rh1 {[%emt 0:00:33]} Rg2+ {[%emt 0:00:05]} 64. Kf1 {[%emt 0:00:07]} Kh4 {[%emt 0:01:04]} 0-1

[Event "31st Klatovy A 2025"]
[Site "Klatovy CZE"]
[Date "2025.06.28"]
[Round "1.3"]
[White "Horak, Martin"]
[Black "Hosnedl, Jiri"]
[Result "1-0"]
[WhiteElo "2324"]
[BlackElo "1985"]
[PlyCount "47"]
[EventDate "2025.06.28"]
[EventType "swiss"]
[EventRounds "9"]
[EventCountry "CZE"]

1. e4 {[%emt 0:00:02]} e5 {[%emt 0:00:17]} 2. Bc4 {[%emt 0:02:10]} Nf6 {[%emt 0:03:46]} 3. d3 {[%emt 0:00:06]} Nc6 {[%emt 0:03:18]} 4. Nc3 {[%emt 0:00:17]} Na5 {[%emt 0:02:58]} 5. Qf3 {[%emt 0:00:44]} Nxc4 {[%emt 0:03:55]} 6. dxc4 {[%emt 0:00:05]} Bb4 {[%emt 0:04:35]} 7. Nge2 {[%emt 0:00:39]} d6 {[%emt 0:03:21]} 8. h3 {[%emt 0:02:25]} Be6 {[%emt 0:04:12]} 9. b3 {[%emt 0:00:41]} Qe7 {[%emt 0:06:33]} 10. Be3 {[%emt 0:05:25]} h6 {[%emt 0:03:54]} 11. g4 {[%emt 0:04:12]} O-O-O {[%emt 0:05:06]} 12. a3 {[%emt 0:05:06]} Ba5 {[%emt 0:12:52]} 13. b4 {[%emt 0:03:42]} Bb6 {[%emt 0:01:02]} 14. Nd5 {[%emt 0:00:38]} Bxd5 {[%emt 0:04:45]} 15. cxd5 {[%emt 0:00:10]} Ne8 {[%emt 0:17:57]} 16. c4 {[%emt 0:02:50]} g6 {[%emt 0:04:34]} 17. Rc1 {[%emt 0:06:02]} Ng7 {[%emt 0:04:17]} 18. a4 {[%emt 0:20:01]} f5 {[%emt 0:04:31]} 19. c5 {[%emt 0:01:29]} dxc5 {[%emt 0:09:32]} 20. a5 {[%emt 0:00:06]} cxb4 {[%emt 0:03:28]} 21. axb6 {[%emt 0:00:26]} axb6 {[%emt 0:00:43]} 22. Bxb6 {[%emt 0:00:16]} Rd7 {[%emt 0:01:07]} 23. Qb3 {[%emt 0:02:03]} Kd8 {[%emt 0:03:25]} 24. Qa4 {[%emt 0:00:22]} 1-0

[Event "31st Klatovy A 2025"]
[Site "Klatovy CZE"]
[Date "2025.06.28"]
[Round "1.4"]
[White "Bara, Jan"]
[Black "Vitak, Jiri"]
[Result "0-1"]
[WhiteElo "1964"]
[BlackElo "2308"]
[PlyCount "88"]
[EventDate "2025.06.28"]
[EventType "swiss"]
[EventRounds "9"]
[EventCountry "CZE"]

1. c4 {[%emt 0:00:56]} e5 {[%emt 0:00:07]} 2. g3 {[%emt 0:00:06]} Nc6 {[%emt 0:00:08]} 3. Bg2 {[%emt 0:00:05]} Bc5 {[%emt 0:00:08]} 4. Nc3 {[%emt 0:00:15]} a6 {[%emt 0:00:13]} 5. e3 {[%emt 0:00:12]} d6 {[%emt 0:00:14]} 6. Nge2 {[%emt 0:00:10]} Ba7 {[%emt 0:00:16]} 7. O-O {[%emt 0:00:24]} h5 {[%emt 0:00:20]} 8. d4 {[%emt 0:03:49]} h4 {[%emt 0:02:09]} 9. d5 {[%emt 0:05:49]} Nce7 {[%emt 0:01:14]} 10. b4 {[%emt 0:00:20]} hxg3 {[%emt 0:03:49]} 11. hxg3 {[%emt 0:01:43]} Nf5 {[%emt 0:05:49]} 12. Ne4 {[%emt 0:04:03]} Nf6 {[%emt 0:08:07]} 13. N2c3 {[%emt 0:00:20]} Nxe4 {[%emt 0:09:17]} 14. Nxe4 {[%emt 0:01:52]} Nh6 {[%emt 0:00:20]} 15. Bb2 {[%emt 0:11:15]} Ng4 {[%emt 0:02:21]} 16. Rc1 {[%emt 0:03:39]} f5 {[%emt 0:02:05]} 17. Nd2 {[%emt 0:00:31]} Qg5 {[%emt 0:36:38]} 18. Nf3 {[%emt 0:07:48]} Qh6 {[%emt 0:00:15]} 19. Re1 {[%emt 0:01:10]} e4 {[%emt 0:13:45]} 20. Nd4 {[%emt 0:00:42]} Ne5 {[%emt 0:00:55]} 21. Ne6 {[%emt 0:04:01]} Bxe6 {[%emt 0:00:57]} 22. Bxe5 {[%emt 0:00:17]} dxe5 {[%emt 0:01:07]} 23. dxe6 {[%emt 0:00:06]} Qxe6 {[%emt 0:00:11]} 24. Qa4+ {[%emt 0:00:39]} Ke7 {[%emt 0:01:23]} 25. c5 {[%emt 0:00:49]} c6 {[%emt 0:01:07]} 26. Qa5 {[%emt 0:05:36]} Rad8 {[%emt 0:06:33]} 27. Red1 {[%emt 0:00:16]} Bb8 {[%emt 0:01:53]} 28. Qb6 {[%emt 0:01:46]} Qc8 {[%emt 0:00:22]} 29. a4 {[%emt 0:00:40]} Bc7 {[%emt 0:15:21]} 30. Qa7 {[%emt 0:01:06]} Bb8 {[%emt 0:07:39]} 31. Qb6 {[%emt 0:00:29]} Rxd1+ {[%emt 0:02:12]} 32. Rxd1 {[%emt 0:00:01]} Rh6 {[%emt 0:00:11]} 33. g4 {[%emt 0:05:58]} Bc7 {[%emt 0:05:21]} 34. Qa7 {[%emt 0:00:11]} f4 {[%emt 0:00:09]} 35. g5 {[%emt 0:03:03]} Qg4 {[%emt 0:03:02]} 36. gxh6 {[%emt 0:01:16]} f3 {[%emt 0:00:45]} 37. Kf1 {[%emt 0:00:05]} fxg2+ {[%emt 0:00:27]} 38. Kg1 {[%emt 0:00:01]} Qh3 {[%emt 0:00:49]} 39. f4 {[%emt 0:02:43]} Qh1+ {[%emt 0:01:02]} 40. Kf2 {[%emt 0:00:01]} Qxd1 {[%emt 0:00:05]} 41. Kxg2 {[%emt 0:00:15]} Qf3+ {[%emt 0:00:22]} 42. Kh2 {[%emt 0:00:26]} exf4 {[%emt 0:00:59]} 43. Qxb7 {[%emt 0:00:22]} Qg3+ {[%emt 0:00:08]} 44. Kh1 {[%emt 0:00:01]} f3 {[%emt 0:00:22]} 0-1

[Event "31st Klatovy A 2025"]
[Site "Klatovy CZE"]
[Date "2025.06.28"]
[Round "1.5"]
[White "Jun, Rudolf"]
[Black "Bartak, Josef"]
[Result "0-1"]
[WhiteElo "2279"]
[BlackElo "1953"]
[PlyCount "116"]
[EventDate "2025.06.28"]
[EventType "swiss"]
[EventRounds "9"]
[EventCountry "CZE"]

1. e4 {[%emt 0:00:02]} e5 {[%emt 0:00:09]} 2. Nf3 {[%emt 0:00:52]} Nc6 {[%emt 0:00:16]} 3. Bb5 {[%emt 0:00:17]} a6 {[%emt 0:00:11]} 4. Ba4 {[%emt 0:00:09]} d6 {[%emt 0:00:07]} 5. c3 {[%emt 0:00:26]} f5 {[%emt 0:00:31]} 6. d3 {[%emt 0:00:39]} Nf6 {[%emt 0:00:14]} 7. Qe2 {[%emt 0:02:45]} Be7 {[%emt 0:01:33]} 8. O-O {[%emt 0:00:26]} O-O {[%emt 0:00:52]} 9. Bb3+ {[%emt 0:01:35]} Kh8 {[%emt 0:00:30]} 10. Ng5 {[%emt 0:01:15]} Qe8 {[%emt 0:00:40]} 11. f4 {[%emt 0:10:15]} Qg6 {[%emt 0:12:57]} 12. Be6 {[%emt 0:07:36]} exf4 {[%emt 0:08:23]} 13. Nf7+ {[%emt 0:07:05]} Rxf7 {[%emt 0:07:00]} 14. exf5 {[%emt 0:00:30]} Qg4 {[%emt 0:00:38]} 15. Qxg4 {[%emt 0:00:15]} Nxg4 {[%emt 0:00:09]} 16. Bxf7 {[%emt 0:00:12]} Bxf5 {[%emt 0:00:40]} 17. d4 {[%emt 0:10:03]} g5 {[%emt 0:11:08]} 18. Bc4 {[%emt 0:01:30]} Re8 {[%emt 0:11:54]} 19. Re1 {[%emt 0:02:15]} Kg7 {[%emt 0:01:44]} 20. h3 {[%emt 0:04:15]} Nf6 {[%emt 0:00:45]} 21. Nd2 {[%emt 0:01:58]} d5 {[%emt 0:02:41]} 22. Be2 {[%emt 0:00:53]} h5 {[%emt 0:06:02]} 23. Nf3 {[%emt 0:03:28]} Ne4 {[%emt 0:01:13]} 24. Nd2 {[%emt 0:17:30]} Kg6 {[%emt 0:14:14]} 25. Bd3 {[%emt 0:04:00]} Bf6 {[%emt 0:10:48]} 26. Nb3 {[%emt 0:03:53]} Nd8 {[%emt 0:02:27]} 27. Nc5 {[%emt 0:06:11]} Re7 {[%emt 0:08:23]} 28. Nb3 {[%emt 0:08:51]} Ne6 {[%emt 0:00:49]} 29. Nd2 {[%emt 0:04:03]} Nf8 {[%emt 0:11:03]} 30. Bc2 {[%emt 0:05:31]} Nd7 {[%emt 0:03:55]} 31. Re2 {[%emt 0:07:11]} c5 {[%emt 0:04:50]} 32. Nb3 {[%emt 0:10:35]} c4 {[%emt 0:01:09]} 33. Nd2 {[%emt 0:01:24]} Ng3 {[%emt 0:04:15]} 34. Rxe7 {[%emt 0:02:28]} Bxe7 {[%emt 0:00:11]} 35. Bxf5+ {[%emt 0:01:55]} Kxf5 {[%emt 0:00:06]} 36. b3 {[%emt 0:01:38]} b5 {[%emt 0:00:29]} 37. bxc4 {[%emt 0:00:52]} bxc4 {[%emt 0:00:16]} 38. Kf2 {[%emt 0:02:37]} Nf6 {[%emt 0:01:12]} 39. Rb1 {[%emt 0:01:18]} Nfe4+ {[%emt 0:00:21]} 40. Ke1 {[%emt 0:00:59]} Nxc3 {[%emt 0:00:12]} 41. Rb7 {[%emt 0:00:25]} Bf6 {[%emt 0:00:20]} 42. Bb2 {[%emt 0:00:37]} Bxd4 {[%emt 0:01:26]} 43. Nf3 {[%emt 0:00:19]} Bf6 {[%emt 0:00:21]} 44. Rf7 {[%emt 0:00:28]} Nge4 {[%emt 0:00:24]} 45. a3 {[%emt 0:00:28]} g4 {[%emt 0:01:08]} 46. hxg4+ {[%emt 0:00:34]} hxg4 {[%emt 0:00:13]} 47. Nd2 {[%emt 0:00:14]} Ke6 {[%emt 0:00:36]} 48. Rxf6+ {[%emt 0:00:52]} Kxf6 {[%emt 0:01:08]} 49. Nxe4+ {[%emt 0:00:01]} dxe4 {[%emt 0:00:11]} 50. Bxc3+ {[%emt 0:00:01]} Kf5 {[%emt 0:00:10]} 51. Ke2 {[%emt 0:01:16]} e3 {[%emt 0:01:29]} 52. g3 {[%emt 0:00:40]} Ke4 {[%emt 0:00:21]} 53. gxf4 {[%emt 0:00:13]} g3 {[%emt 0:00:08]} 54. Kf1 {[%emt 0:00:50]} Kxf4 {[%emt 0:01:49]} 55. Kg2 {[%emt 0:00:13]} Ke4 {[%emt 0:00:13]} 56. Kxg3 {[%emt 0:00:47]} Kd3 {[%emt 0:00:04]} 57. Bb2 {[%emt 0:00:31]} e2 {[%emt 0:00:47]} 58. Kf2 {[%emt 0:00:21]} Kd2 {[%emt 0:00:07]} 0-1

[Event "31st Klatovy A 2025"]
[Site "Klatovy CZE"]
[Date "2025.06.28"]
[Round "1.6"]
[White "Pick, Stepan"]
[Black "Janous, Marek"]
[Result "1/2-1/2"]
[WhiteElo "1949"]
[BlackElo "2220"]
[PlyCount "117"]
[EventDate "2025.06.28"]
[EventType "swiss"]
[EventRounds "9"]
[EventCountry "CZE"]

1. c4 {[%emt 0:00:05]} e5 {[%emt 0:00:27]} 2. Nc3 {[%emt 0:00:09]} Nf6 {[%emt 0:00:07]} 3. g3 {[%emt 0:00:19]} d5 {[%emt 0:00:06]} 4. cxd5 {[%emt 0:00:07]} Nxd5 {[%emt 0:00:02]} 5. Bg2 {[%emt 0:00:17]} Nb6 {[%emt 0:00:03]} 6. e3 {[%emt 0:00:41]} Be7 {[%emt 0:00:47]} 7. Nge2 {[%emt 0:00:18]} O-O {[%emt 0:00:23]} 8. O-O {[%emt 0:00:10]} Nc6 {[%emt 0:02:30]} 9. f4 {[%emt 0:00:45]} Bg4 {[%emt 0:13:09]} 10. h3 {[%emt 0:05:32]} Bxe2 {[%emt 0:00:44]} 11. Nxe2 {[%emt 0:06:01]} exf4 {[%emt 0:01:20]} 12. Nxf4 {[%emt 0:03:39]} Bd6 {[%emt 0:02:17]} 13. b3 {[%emt 0:04:11]} Qg5 {[%emt 0:02:02]} 14. Bb2 {[%emt 0:12:41]} Ne5 {[%emt 0:17:31]} 15. d4 {[%emt 0:11:33]} Ng6 {[%emt 0:02:35]} 16. Qf3 {[%emt 0:04:09]} Qe7 {[%emt 0:04:54]} 17. Rae1 {[%emt 0:01:14]} c6 {[%emt 0:02:47]} 18. Bc3 {[%emt 0:06:38]} Nd5 {[%emt 0:14:43]} 19. Nxd5 {[%emt 0:01:14]} cxd5 {[%emt 0:00:07]} 20. e4 {[%emt 0:11:50]} dxe4 {[%emt 0:01:16]} 21. Rxe4 {[%emt 0:00:23]} Qc7 {[%emt 0:04:38]} 22. Re3 {[%emt 0:01:00]} Rad8 {[%emt 0:06:16]} 23. h4 {[%emt 0:04:46]} f5 {[%emt 0:06:46]} 24. h5 {[%emt 0:04:46]} f4 {[%emt 0:04:32]} 25. Rd3 {[%emt 0:05:34]} Ne7 {[%emt 0:04:13]} 26. Bh3 {[%emt 0:04:19]} Nf5 {[%emt 0:02:33]} 27. Qd5+ {[%emt 0:01:11]} Qf7 {[%emt 0:00:08]} 28. Qxf7+ {[%emt 0:01:01]} Rxf7 {[%emt 0:00:05]} 29. gxf4 {[%emt 0:01:30]} Kf8 {[%emt 0:03:12]} 30. d5 {[%emt 0:05:36]} Bc5+ {[%emt 0:12:05]} 31. Kh1 {[%emt 0:03:54]} g6 {[%emt 0:06:53]} 32. hxg6 {[%emt 0:03:33]} hxg6 {[%emt 0:00:10]} 33. Bxf5 {[%emt 0:01:29]} Rxf5 {[%emt 0:04:46]} 34. Be5 {[%emt 0:01:38]} Rd7 {[%emt 0:05:28]} 35. Kg2 {[%emt 0:00:56]} Bd6 {[%emt 0:00:58]} 36. Rff3 {[%emt 0:02:59]} Ke7 {[%emt 0:01:37]} 37. Rfe3 {[%emt 0:03:47]} g5 {[%emt 0:03:00]} 38. Kg3 {[%emt 0:01:32]} gxf4+ {[%emt 0:01:08]} 39. Bxf4+ {[%emt 0:00:31]} Kd8 {[%emt 0:00:40]} 40. Bxd6 {[%emt 0:01:14]} Rxd6 {[%emt 0:00:06]} 41. Re4 {[%emt 0:04:25]} Rdxd5 {[%emt 0:00:58]} 42. Rxd5+ {[%emt 0:00:33]} Rxd5 {[%emt 0:00:04]} 43. Kf3 {[%emt 0:01:15]} Kc7 {[%emt 0:00:27]} 44. Ke3 {[%emt 0:00:43]} a5 {[%emt 0:00:41]} 45. Rd4 {[%emt 0:01:06]} Rh5 {[%emt 0:00:21]} 46. Kd3 {[%emt 0:02:15]} b5 {[%emt 0:01:38]} 47. Kc3 {[%emt 0:03:43]} Kc6 {[%emt 0:00:08]} 48. Rd2 {[%emt 0:00:48]} Rh3+ {[%emt 0:00:31]} 49. Kb2 {[%emt 0:00:20]} Kb6 {[%emt 0:00:54]} 50. Rc2 {[%emt 0:00:18]} Rh4 {[%emt 0:00:29]} 51. a3 {[%emt 0:00:46]} a4 {[%emt 0:00:29]} 52. bxa4 {[%emt 0:00:15]} Rxa4 {[%emt 0:00:13]} 53. Kb3 {[%emt 0:00:24]} Rh4 {[%emt 0:02:01]} 54. Rc8 {[%emt 0:00:30]} Rh3+ {[%emt 0:00:30]} 55. Kb2 {[%emt 0:00:26]} Ka5 {[%emt 0:00:33]} 56. Ra8+ {[%emt 0:00:07]} Kb6 {[%emt 0:00:04]} 57. Rc8 {[%emt 0:00:07]} Ka5 {[%emt 0:00:33]} 58. Ra8+ {[%emt 0:00:06]} Kb6 {[%emt 0:00:02]} 59. Rc8 {[%emt 0:00:09]} 1/2-1/2

[Event "31st Klatovy A 2025"]
[Site "Klatovy CZE"]
[Date "2025.06.28"]
[Round "1.7"]
[White "Marsalek, Zdenek"]
[Black "Svadlenka, Michal"]
[Result "1-0"]
[WhiteElo "2187"]
[BlackElo "1932"]
[PlyCount "99"]
[EventDate "2025.06.28"]
[EventType "swiss"]
[EventRounds "9"]
[EventCountry "CZE"]

1. d4 {[%emt 0:00:05]} Nf6 {[%emt 0:00:07]} 2. Nf3 {[%emt 0:00:13]} g6 {[%emt 0:00:07]} 3. g3 {[%emt 0:00:11]} Bg7 {[%emt 0:00:06]} 4. Bg2 {[%emt 0:00:05]} O-O {[%emt 0:00:05]} 5. O-O {[%emt 0:00:08]} d5 {[%emt 0:00:12]} 6. c4 {[%emt 0:00:13]} e6 {[%emt 0:01:08]} 7. Nc3 {[%emt 0:00:46]} Nbd7 {[%emt 0:00:59]} 8. Qb3 {[%emt 0:00:58]} c6 {[%emt 0:04:18]} 9. Rd1 {[%emt 0:01:03]} Re8 {[%emt 0:03:50]} 10. Bf4 {[%emt 0:01:21]} dxc4 {[%emt 0:01:24]} 11. Qxc4 {[%emt 0:00:10]} Nb6 {[%emt 0:02:14]} 12. Qb3 {[%emt 0:00:23]} Nbd5 {[%emt 0:05:14]} 13. Bd2 {[%emt 0:01:47]} Qb6 {[%emt 0:03:42]} 14. Qc2 {[%emt 0:01:12]} Nd7 {[%emt 0:12:32]} 15. Na4 {[%emt 0:03:24]} Qa6 {[%emt 0:03:08]} 16. e4 {[%emt 0:00:55]} N5f6 {[%emt 0:05:52]} 17. b3 {[%emt 0:10:22]} e5 {[%emt 0:06:54]} 18. Bc3 {[%emt 0:10:50]} exd4 {[%emt 0:02:19]} 19. Nxd4 {[%emt 0:00:12]} b5 {[%emt 0:15:35]} 20. Nb2 {[%emt 0:01:59]} Qb6 {[%emt 0:08:36]} 21. b4 {[%emt 0:13:01]} Bb7 {[%emt 0:09:07]} 22. a4 {[%emt 0:00:45]} a6 {[%emt 0:01:52]} 23. Nb3 {[%emt 0:01:19]} Rad8 {[%emt 0:08:54]} 24. Bd4 {[%emt 0:05:09]} Qc7 {[%emt 0:03:42]} 25. Na5 {[%emt 0:02:16]} c5 {[%emt 0:04:41]} 26. Nxb7 {[%emt 0:00:59]} Qxb7 {[%emt 0:00:12]} 27. bxc5 {[%emt 0:00:33]} Qc7 {[%emt 0:06:52]} 28. Rac1 {[%emt 0:05:26]} Ne5 {[%emt 0:01:44]} 29. h3 {[%emt 0:02:05]} Nc6 {[%emt 0:02:50]} 30. Be3 {[%emt 0:01:37]} Nd7 {[%emt 0:03:33]} 31. f4 {[%emt 0:02:32]} Na5 {[%emt 0:01:52]} 32. axb5 {[%emt 0:04:38]} axb5 {[%emt 0:00:08]} 33. e5 {[%emt 0:04:17]} Nxe5 {[%emt 0:05:35]} 34. Rxd8 {[%emt 0:00:07]} Rxd8 {[%emt 0:00:22]} 35. fxe5 {[%emt 0:01:53]} Qxe5 {[%emt 0:00:08]} 36. Nd1 {[%emt 0:00:12]} Qxg3 {[%emt 0:07:31]} 37. Qf2 {[%emt 0:03:22]} Qe5 {[%emt 0:00:35]} 38. Kh1 {[%emt 0:00:33]} Nc4 {[%emt 0:00:55]} 39. Bf4 {[%emt 0:00:16]} Qf5 {[%emt 0:00:36]} 40. Ne3 {[%emt 0:00:41]} Nxe3 {[%emt 0:00:38]} 41. Bxe3 {[%emt 0:00:11]} Qh5 {[%emt 0:00:31]} 42. Qf3 {[%emt 0:00:46]} Qe5 {[%emt 0:00:30]} 43. c6 {[%emt 0:00:27]} Rc8 {[%emt 0:00:30]} 44. Bf4 {[%emt 0:00:48]} Qb2 {[%emt 0:00:29]} 45. Qe4 {[%emt 0:00:49]} b4 {[%emt 0:00:31]} 46. Rb1 {[%emt 0:00:11]} Qc3 {[%emt 0:00:30]} 47. Qxb4 {[%emt 0:00:23]} Rxc6 {[%emt 0:00:32]} 48. Qxc3 {[%emt 0:01:05]} Rxc3 {[%emt 0:00:12]} 49. Rb8+ {[%emt 0:00:09]} Bf8 {[%emt 0:00:03]} 50. Bh6 {[%emt 0:00:13]} 1-0